Comentarios al Código Penal (Registro nro. 159211)
[ vista simple ]
| 000 -LEADER | |
|---|---|
| fixed length control field | 00886ny a22002053n 4500 |
| 008 - FIXED-LENGTH DATA ELEMENTS--GENERAL INFORMATION | |
| fixed length control field | 090727s2000 sp || 000|0 spa d |
| 035 ## - | |
| -- | 4579 |
| 040 ## - CATALOGING SOURCE | |
| Original cataloging agency | BUS |
| Modifying agency | vLex |
| 090 ## - | |
| -- | 692 |
| -- | 692 |
| 100 1# - MAIN ENTRY--PERSONAL NAME | |
| Personal name | Vázquez Iruzubieta, Carlos |
| 245 10 - TITLE STATEMENT | |
| Title | Comentarios al Código Penal |
| Medium | [Recurso electrónico] |
| Statement of responsibility, etc | Carlos Vázquez Iruzubieta |
| 256 ## - | |
| -- | Servicio en línea |
| 260 ## - PUBLICATION, DISTRIBUTION, ETC. (IMPRINT) | |
| Place of publication, distribution, etc | Barcelona : |
| Name of publisher, distributor, etc | vLex, |
| Date of publication, distribution, etc | 2009 |
| 506 1# - RESTRICTIONS ON ACCESS NOTE | |
| Terms governing access | Contenido solo disponible en los productos indicados |
| Authorized users | vLex Global |
| -- | vLex Global (Academic Edition, excluding Law Schools) |
| -- | vLex Global (U.S. Academic Edition, Law Schools) |
| -- | vLex Global (U.S. Academic Edition, excluding Law Schools) |
| -- | vLex Global (Academic Edition, Law Schools) |
| 650 07 - SUBJECT ADDED ENTRY--TOPICAL TERM | |
| Topical term or geographic name as entry element | Derecho penal |
| Source of heading or term | Tesauro vLex |
| 740 0# - | |
| -- | vLex Libros (Servicios en línea) |
| 856 40 - LOCALIZACIÓN Y ACCESO ELECTRÓNICO | |
| Identificador Uniforme del Recurso (URI/URL) | https://app.vlex.com/#/sources/4579 |
| 942 ## - | |
| -- | RAA |
| 999 ## - | |
| -- | 159211 |
| -- | 159211 |
No hay ítems disponibles.